| 000 | 00587nam a2200181 a 4500 | ||
|---|---|---|---|
| 005 | 20140414131849.0 | ||
| 008 | 100728s19uu xx 00 eng d | ||
| 050 |
_aM 538.4 _bB73 1996 |
||
| 100 | _aBranley, Franklyn | ||
| 245 | _aWhat makes a magnet. | ||
| 260 |
_aNew York : _bHarper Collins, _c1996. |
||
| 300 | _a32 | ||
| 440 | _aLet's-read-and-find-out science | ||
| 520 | _aDescribes how magnets work and include instructions for making a magnet and a compass. | ||
| 650 | _aMagnets-juvenile literature | ||
| 650 | _aMagnets-experiments-juvenile literature | ||
| 999 |
_c110112 _d110112 |
||